00432nam a2200157Ia 450000500170000000800410001702000150005808200130007310000190008624500730010526000370017830000170021565000130023265000130024565000160025820250117013829.0240331s9999 xx 000 0 und d a8178241625 bPANa929 aPandian, M.S.S 0aBrahmin and non-Brahmin :bgenologies of the tamil political present aNew DelhibPermanent blackc2007 axi, 274 p ., aPolitics aColonial aGenealogies